[Event "ICS rated blitz match"]
[Site "204.178.125.65"]
[Date "2001.10.03"]
[Round "?"]
[White "CerealKiller"]
[Black "Hossa"]
[Result "0-1"]
[WhiteElo "2025"]
[BlackElo "2533"]
[PlyCount "30"]
[EventDate "2001.??.??"]

1. e4 e5 2. Bc4 f5 3. d3 Nf6 4. Nc3 fxe4 5. dxe4 Bc5 6. Nf3 d6 7. h3 Bd7 8. Bg5
Bb4 9. Qd3 Bc6 10. O-O Bxc3 11. bxc3 Bxe4 12. Bxf6 Bxd3 13. Bxd8 Bxf1 14. Kxf1
Kxd8 15. Ng5 Kd7 {CerealKiller resigns} 0-1

[Event "ICS rated blitz match"]
[Site "204.178.125.65"]
[Date "2001.10.03"]
[Round "?"]
[White "Hossa"]
[Black "khoopsnikov"]
[Result "1-0"]
[WhiteElo "2535"]
[BlackElo "2200"]
[PlyCount "99"]
[EventDate "2001.??.??"]

1. d4 Nf6 2. c4 g6 3. Nc3 Bg7 4. e4 d6 5. Be2 O-O 6. Bg5 c5 7. d5 b5 8. cxb5 a6
9. bxa6 Bxa6 10. Nf3 Qa5 11. O-O Bxe2 12. Qxe2 Na6 13. e5 dxe5 14. Nxe5 Nb4 15.
Bxf6 exf6 16. Nc4 Qd8 17. d6 f5 18. a3 Nc6 19. Nb5 Nd4 20. Nxd4 cxd4 21. Rfe1
Rc8 22. Qd3 Bf6 23. Rac1 Rb8 24. a4 Qd7 25. a5 Rb4 26. Rc2 Kg7 27. Ra1 Ra8 28.
b3 Ra6 29. Rb1 h5 30. Ra2 h4 31. Raa1 Qb5 32. Qd1 h3 33. gxh3 Rxc4 34. bxc4
Qxc4 35. Rb6 Rxb6 36. axb6 Qc6 37. Qb1 Qxd6 38. b7 Be5 39. Ra8 d3 40. b8=Q Qxb8
41. Rxb8 Bxb8 42. Qb2+ Kh6 43. Qxb8 d2 44. Qh8+ Kg5 45. Qd8+ Kh5 46. Qxd2 g5
47. Qd6 f4 48. Qf6 g4 49. h4 g3 50. Qg5# {khoopsnikov checkmated} 1-0

[Event "ICS rated blitz match"]
[Site "204.178.125.65"]
[Date "2001.10.03"]
[Round "?"]
[White "sekere"]
[Black "Hossa"]
[Result "0-1"]
[WhiteElo "2143"]
[BlackElo "2535"]
[PlyCount "21"]
[EventDate "2001.??.??"]

1. e3 Nf6 2. Bc4 d5 3. Bb3 e5 4. Nf3 e4 5. Ng1 a5 6. a4 Na6 7. Ne2 Nc5 8. O-O
Nxb3 9. cxb3 Bd6 10. Ng3 Ng4 11. f3 {sekere resigns} 0-1

[Event "ICS Rated blitz match"]
[Site "204.178.125.65"]
[Date "2001.10.03"]
[Round "?"]
[White "Hossa"]
[Black "josechess"]
[Result "1-0"]
[WhiteElo "2538"]
[BlackElo "2177"]
[PlyCount "93"]
[EventDate "2001.??.??"]

1. d4 e6 2. c4 d5 3. Nc3 Be7 4. Bf4 Nf6 5. e3 O-O 6. c5 Ne4 7. Nxe4 dxe4 8. Qc2
f5 9. g4 Nd7 10. Bc4 Nf6 11. gxf5 Nd5 12. Ne2 exf5 13. Bxc7 Qxc7 14. Bxd5+ Kh8
15. O-O-O Bd7 16. Nf4 Rac8 17. Ne6 Bxe6 18. Bxe6 Rcd8 19. Bb3 b6 20. c6 Rf6 21.
d5 Rfd6 22. h4 Bf6 23. Kb1 Be5 24. f3 exf3 25. Rhf1 f4 26. Rxf3 fxe3 27. Rxe3
Bf6 28. h5 Qf7 29. Qf5 g6 30. hxg6 Qxg6 31. Rf3 Qxf5+ 32. Rxf5 Kg7 33. Rg1+ Kf7
34. Rgf1 Kg7 35. Rxf6 Rxf6 36. Rxf6 Kxf6 37. c7 Rc8 38. d6 Ke5 39. d7 Rxc7 40.
d8=Q Rc5 41. Qe7+ Kf4 42. Qxa7 Re5 43. Qxb6 h5 44. Qh6+ Kg4 45. Bd1+ Kg3 46.
Qxh5 Rxh5 47. Bxh5 {josechess resigns} 1-0

[Event "ICS rated standard match"]
[Site "204.178.125.65"]
[Date "2001.10.03"]
[Round "?"]
[White "ChesterX"]
[Black "Hossa"]
[Result "1/2-1/2"]
[WhiteElo "2514"]
[BlackElo "2265"]
[PlyCount "322"]
[EventDate "2001.??.??"]

1. d4 d5 2. Nc3 e6 3. Nf3 c5 4. e4 cxd4 5. Qxd4 Nc6 6. Bb5 Bd7 7. Bxc6 bxc6 8.
O-O c5 9. Qd3 d4 10. Nb5 Rb8 11. Na3 Nf6 12. e5 Nd5 13. Qe4 Be7 14. Qg4 g6 15.
b3 h5 16. Qg3 Nc3 17. Re1 Bc6 18. Ng5 h4 19. Qg4 Bd5 20. Bd2 Bxg5 21. Bxg5 Qa5
22. Nb1 h3 23. Bd2 hxg2 24. f3 Qb4 25. Qxg2 Qb7 26. Bxc3 dxc3 27. Re3 Qc6 28.
Nxc3 Rb4 29. Nxd5 Qxd5 30. c4 Qd4 31. Rae1 Rb8 32. Kh1 Rd8 33. R3e2 Qd3 34. f4
Qd7 35. Rf2 a6 36. Ree2 Qd1+ 37. Rf1 Qd7 38. Ref2 Rh4 39. Qg3 Rh5 40. Qf3 Rh4
41. Rg2 Kf8 42. Qf2 Qe7 43. Rg5 Rh3 44. Rg3 Rh4 45. Qg2 Qd7 46. Rgf3 Rh5 47.
R3f2 Kg8 48. Qf3 Rh4 49. Qg3 Rh5 50. Qe3 Qc6+ 51. Kg1 Rd4 52. Rd2 Rh3 53. Qe2
Qb6 54. Qf2 Rf3 55. Qxf3 Rxd2 56. Rf2 Qd8 57. Rxd2 Qxd2 58. a4 Kg7 59. Kh1 g5
60. fxg5 Qc1+ 61. Kg2 Qxg5+ 62. Qg3 Kg6 63. h4 Qxg3+ 64. Kxg3 Kf5 65. Kf2 Kxe5
66. h5 f5 67. Ke2 Kf6 68. b4 cxb4 69. c5 b3 70. Kd2 f4 71. c6 b2 72. Kc2 b1=Q+
73. Kxb1 f3 74. c7 f2 75. c8=Q f1=Q+ 76. Kc2 Qf5+ 77. Kc3 Qa5+ 78. Kb3 Qd5+ 79.
Kc3 Qxh5 80. Qxa6 Qe5+ 81. Kd3 Qg3+ 82. Kd4 Qg1+ 83. Ke4 Qg4+ 84. Ke3 Qg5+ 85.
Kf3 Qd5+ 86. Ke3 Qc5+ 87. Ke4 Qb4+ 88. Kd3 Qb1+ 89. Kc3 Qe1+ 90. Kd4 Qe5+ 91.
Kd3 Qg3+ 92. Ke4 Qg2+ 93. Kd4 Qd5+ 94. Kc3 Qe5+ 95. Kd2 Qd5+ 96. Ke2 Ke5 97. a5
Qe4+ 98. Kd2 Qb4+ 99. Kd3 Qb3+ 100. Ke2 Qc2+ 101. Ke3 Qc1+ 102. Ke2 Qc2+ 103.
Kf3 Qe4+ 104. Kf2 Qd4+ 105. Kf3 Qe4+ 106. Kg3 Qf4+ 107. Kg2 Qg4+ 108. Kf2 Qh4+
109. Ke3 Qe4+ 110. Kd2 Qb4+ 111. Ke3 Qb3+ 112. Kf2 Qb2+ 113. Kg3 Qc3+ 114. Kg4
Qd4+ 115. Kh5 Qd1+ 116. Kg6 Qc2+ 117. Kf7 Qf5+ 118. Ke7 Qf6+ 119. Kd7 Qf7+ 120.
Kc6 Qe8+ 121. Kc5 Qf8+ 122. Kb5 Qf1+ 123. Kb6 Qf2+ 124. Kc6 Qf3+ 125. Kc7 Qf7+
126. Kb8 Qe8+ 127. Ka7 Qe7+ 128. Qb7 Qc5+ 129. Qb6 Qe7+ 130. Ka8 Kf5 131. a6
Qf8+ 132. Kb7 Qg7+ 133. Qc7 Qb2+ 134. Ka7 Qd4+ 135. Kb8 Qh8+ 136. Qc8 Qe5+ 137.
Ka7 Qd4+ 138. Kb7 Qg7+ 139. Kb6 Qb2+ 140. Kc6 Qc3+ 141. Kb7 Qg7+ 142. Ka8 Qg2+
143. Qb7 Qg8+ 144. Ka7 Qg1+ 145. Kb8 Qh2+ 146. Kc8 Qh8+ 147. Kd7 Qd4+ 148. Kc6
Qc3+ 149. Kb6 Qe3+ 150. Kb5 Qb3+ 151. Kc5 Qc3+ 152. Kd6 Qd4+ 153. Kc7 Qe5+ 154.
Kb6 Qe3+ 155. Kc6 Qc3+ 156. Kd7 Qd4+ 157. Ke7 Qg7+ 158. Kd6 Qd4+ 159. Kc6 Qc3+
160. Kb5 Qb3+ 161. Kc6 Qc3+ {Game drawn by repetition} 1/2-1/2

[Event "ICS rated standard match"]
[Site "204.178.125.65"]
[Date "2001.10.03"]
[Round "?"]
[White "Hossa"]
[Black "ChesterX"]
[Result "1/2-1/2"]
[WhiteElo "2275"]
[BlackElo "2504"]
[PlyCount "261"]
[EventDate "2001.??.??"]

1. d4 Nf6 2. c4 e6 3. Nc3 Bb4 4. Qc2 c5 5. dxc5 Qc7 6. a3 Bxc5 7. b4 Be7 8. Nb5
Qc6 9. Nf3 d6 10. e4 O-O 11. e5 dxe5 12. Nxe5 Qb6 13. Be3 Qd8 14. Rd1 Nfd7 15.
Nxa7 Qc7 16. Nf3 Ne5 17. Nxe5 Qxe5 18. Be2 Nc6 19. Nb5 Rxa3 20. Nxa3 Bxb4+ 21.
Rd2 Bxa3 22. O-O Bb4 23. Rd3 Bd6 24. f4 Qf5 25. g4 Qg6 26. Rd2 Qxc2 27. Rxc2 e5
28. fxe5 Bxe5 29. Bf3 Re8 30. Bc5 Bd4+ 31. Bxd4 Nxd4 32. Rcf2 Nxf3+ 33. Rxf3
Be6 34. Rf4 g5 35. Rd4 Kg7 36. Rb1 Rc8 37. Rxb7 Bxc4 38. Rd6 Be2 39. h3 h5 40.
Re7 Bf3 41. Re5 f6 42. Rf5 hxg4 43. hxg4 Bxg4 44. Rfxf6 Rc5 45. Rg6+ Kf7 46.
Rdf6+ Ke7 47. Ra6 Kf7 48. Rh6 Kg7 49. Rag6+ Kf7 50. Rb6 Kg7 51. Rhg6+ Kf7 52.
Rgd6 Bc8 53. Rh6 Kg7 54. Rbg6+ Kf7 55. Rf6+ Kg7 56. Rhg6+ Kh7 57. Rb6 g4 58.
Kf2 Rc3 59. Ke2 g3 60. Rg5 g2 61. Kd2 Ra3 62. Rb2 Bh3 63. Rb1 Kh6 64. Rg8 Ra2+
65. Ke3 Bf5 66. Rc1 Bh3 67. Rd1 Ra3+ 68. Kf2 Kh7 69. Rb8 Kg7 70. Rb6 Kf7 71.
Rc6 Rb3 72. Ra1 Rd3 73. Rb6 Rd2+ 74. Ke3 Rd8 75. Rg1 Rg8 76. Rh6 Be6 77. Ke4
Rg3 78. Rh5 Kg6 79. Rc5 Kf6 80. Rxg2 Rxg2 81. Kf4 Rf2+ 82. Kg3 Rf1 83. Kg2 Rf4
84. Kh2 Rg4 85. Rc3 Bd5 86. Rd3 Ke5 87. Re3+ Kf5 88. Rh3 Rg2+ 89. Kh1 Rc2+ 90.
Kg1 Kf4 91. Rd3 Bf3 92. Rd7 Ke3 93. Ra7 Be4 94. Ra3+ Bd3 95. Rb3 Ra2 96. Rc3
Kd4 97. Rc1 Rb2 98. Rd1 Rc2 99. Re1 Be4 100. Kf1 Rh2 101. Kg1 Rg2+ 102. Kf1 Ra2
103. Rc1 Rh2 104. Rc7 Rg2 105. Re7 Rb2 106. Ra7 Rc2 107. Ra4+ Ke3 108. Ra3+
Bd3+ 109. Kg1 Rd2 110. Rc3 Kf4 111. Rc7 Be4 112. Ra7 Rg2+ 113. Kf1 Rb2 114. Rc7
Rd2 115. Kg1 Ke3 116. Rc3+ Bd3 117. Rc1 Rb2 118. Re1+ Kf4 119. Rd1 Ke4 120. Kh1
Rc2 121. Ra1 Kf4 122. Ra3 Rd2 123. Ra7 Rb2 124. Kg1 Ke3 125. Rc7 Re2 126. Rf7
Ra2 127. Rb7 Be4 128. Rb3+ Kf4 129. Kf1 Rd2 130. Ke1 Ra2 131. Kf1 {
Game drawn by the 50 move rule} 1/2-1/2

[Event "ICS rated standard match"]
[Site "204.178.125.65"]
[Date "2001.10.03"]
[Round "?"]
[White "Sjeng"]
[Black "Hossa"]
[Result "1/2-1/2"]
[WhiteElo "2393"]
[BlackElo "2284"]
[PlyCount "199"]
[EventDate "2001.??.??"]

1. d4 e6 2. e4 d5 3. Nd2 Nf6 4. e5 Nfd7 5. Bd3 c5 6. c3 Nc6 7. Ne2 cxd4 8. cxd4
f6 9. exf6 Qxf6 10. Nf3 h6 11. O-O Bd6 12. Bc2 Nb6 13. Qd3 Bd7 14. Qg6+ Kd8 15.
Qh5 Kc7 16. a4 Be8 17. Qg4 Rf8 18. a5 Nc4 19. Nc3 a6 20. Ba4 Bg6 21. Bxc6 bxc6
22. b3 Bf5 23. Qh4 g5 24. Qh5 Nxa5 25. Rxa5 Bb4 26. Ra4 Bxc3 27. Be3 Rfb8 28.
Ne5 Rxb3 29. Rc1 Qf8 30. Qf3 c5 31. Qd1 Qb8 32. g4 Be4 33. Bd2 Bxd2 34. Qxd2
Rb1 35. dxc5 a5 36. Rxe4 Rxc1+ 37. Qxc1 dxe4 38. Qd1 Qd8 39. Qb3 Qd5 40. Qb6+
Kc8 41. Qb5 e3 42. fxe3 Qxe5 43. Qc6+ Qc7 44. Qxa8+ Kd7 45. c6+ Kd6 46. Kf2 Kd5
47. Kf3 Kc5 48. Qf8+ Kb5 49. Qxh6 Qxc6+ 50. Kf2 Qd5 51. h4 Qd2+ 52. Kf1 gxh4
53. Qxe6 h3 54. Qe5+ Kc4 55. Qc7+ Kb3 56. Qf7+ Kb2 57. Qf6+ Kb1 58. Qg6+ Kc1
59. Qc6+ Qc2 60. Qxc2+ Kxc2 61. g5 a4 62. g6 a3 63. g7 a2 64. g8=Q a1=Q+ 65.
Ke2 Qb2 66. Qc4+ Kb1+ 67. Kd1 Qb7 68. Qc2+ Ka1 69. Qa4+ Kb2 70. Qc2+ Ka3 71.
Qc1+ Qb2 72. Qc8 Qg2 73. Qc3+ Ka4 74. Qd4+ Kb5 75. Qe5+ Kc6 76. Qf6+ Kd7 77.
Qf5+ Ke7 78. Qe5+ Kf7 79. Qf5+ Kg7 80. Qe5+ Kg6 81. Qe8+ Kg5 82. Qd8+ Kf5 83.
Qd7+ Ke5 84. Ke1 Qg1+ 85. Ke2 h2 86. Qe7+ Kd5 87. Qd7+ Kc5 88. Qd4+ Kc6 89.
Qf6+ Kd5 90. Qf5+ Kd6 91. Qf6+ Kc7 92. Qe7+ Kb6 93. Qd6+ Kb5 94. Qd5+ Kb4 95.
Qd4+ Kb3 96. Qd3+ Kb2 97. Qd2+ Kb3 98. Qd3+ Kb2 99. Qd2+ Kb3 100. Qd3+ {
Game drawn by repetition} 1/2-1/2

[Event "ICS rated blitz match"]
[Site "204.178.125.65"]
[Date "2001.10.03"]
[Round "?"]
[White "winner3"]
[Black "Hossa"]
[Result "1-0"]
[WhiteElo "2804"]
[BlackElo "2542"]
[PlyCount "133"]
[EventDate "2001.??.??"]

1. d4 d5 2. c4 dxc4 3. e4 Nf6 4. e5 Nd5 5. Bxc4 Nb6 6. Bb3 Bf5 7. Nc3 e6 8.
Nge2 Nc6 9. O-O Qh4 10. Be3 O-O-O 11. Qc1 Be7 12. g3 Qh3 13. Nf4 Qh6 14. Nxe6
Qh5 15. Nxd8 Rxd8 16. Qd1 Bg4 17. f3 Be6 18. f4 Qxd1 19. Rfxd1 Bxb3 20. axb3
Nd5 21. Kf2 a6 22. Kf3 Ncb4 23. Bg1 c6 24. Rd2 h5 25. h3 Kd7 26. Ne4 Re8 27.
Rc1 a5 28. Nc5+ Kc8 29. Ra1 b6 30. Ne4 Kd7 31. Rc1 Ke6 32. Rc4 Rd8 33. Rd1 h4
34. g4 g6 35. Bf2 Rc8 36. f5+ gxf5 37. gxf5+ Kxf5 38. Bxh4 Re8 39. Bxe7 Rxe7
40. Rf1 Rd7 41. Rg1 Ke6 42. Rg8 Rc7 43. Rh8 Ke7 44. Rh6 b5 45. Rc5 Rc8 46. Rh7
Rg8 47. Nd6 Rf8 48. h4 Ke6 49. Nb7 f6 50. Ke4 f5+ 51. Kf3 Ne7 52. h5 Ra8 53.
Rc3 Ra7 54. Nc5+ Kd5 55. Kf4 Na2 56. Rh6 Nc8 57. Rh8 Nb6 58. Rd8+ Nd7 59. e6
Nxc3 60. bxc3 Kd6 61. Rxd7+ Rxd7 62. exd7 Ke7 63. h6 Kf6 64. d8=Q+ Kf7 65. Qd7+
Kg6 66. Qg7+ Kh5 67. Qg5# {Hossa checkmated} 1-0

[Event "ICS rated blitz match"]
[Site "204.178.125.65"]
[Date "2001.10.03"]
[Round "?"]
[White "Hossa"]
[Black "winner3"]
[Result "0-1"]
[WhiteElo "2557"]
[BlackElo "2777"]
[PlyCount "136"]
[EventDate "2001.??.??"]

1. d4 Nf6 2. c4 g6 3. Nc3 Bg7 4. e4 d6 5. Be2 O-O 6. Nf3 e5 7. O-O exd4 8. Nxd4
Re8 9. f3 c6 10. Nb3 a5 11. Na4 d5 12. Bg5 Nbd7 13. cxd5 cxd5 14. Bb5 dxe4 15.
fxe4 Re5 16. Bxf6 Bxf6 17. Rxf6 Rxb5 18. Rxf7 Re5 19. Rf4 b5 20. Nc3 Bb7 21.
Nd4 b4 22. Nd5 Bxd5 23. exd5 Qb6 24. Qf3 Rf8 25. Rf1 Rxf4 26. Qxf4 Kh8 27. Rd1
Rxd5 28. Qe4 Nf6 29. Qe3 Qd6 30. g3 Re5 31. Qc1 Rc5 32. Qd2 Kg8 33. Qe3 Rd5 34.
Qd3 Qe5 35. Qc4 Qe3+ 36. Kh1 Qe4+ 37. Kg1 Nd7 38. Qd3 Qxd3 39. Rxd3 Nc5 40. Rd2
Ne4 41. Rd1 Nd6 42. Rd2 Nc4 43. Rd1 Nxb2 44. Rb1 Nd3 45. Ne6 Kf7 46. Nc7 Rc5
47. Rb3 Rc1+ 48. Kg2 Rc2+ 49. Kg1 Nc1 50. Rf3+ Ke7 51. Nd5+ Kd6 52. Nf6 Rxa2
53. Nxh7 b3 54. Rf6+ Ke5 55. Rxg6 b2 56. Rb6 a4 57. Ng5 Nb3 58. Rxb3 axb3 59.
Nf3+ Ke4 60. Nd2+ Kd3 61. Nb1 Ra1 62. Kg2 Rxb1 63. h4 Re1 64. g4 b1=Q 65. Kg3
Ke4 66. h5 Rh1 67. Kf2 Qg1+ 68. Ke2 Rh2# {Hossa checkmated} 0-1

[Event "ICS rated blitz match"]
[Site "204.178.125.65"]
[Date "2001.10.03"]
[Round "?"]
[White "winner3"]
[Black "Hossa"]
[Result "1-0"]
[WhiteElo "2784"]
[BlackElo "2550"]
[PlyCount "98"]
[EventDate "2001.??.??"]

1. d4 d5 2. c4 dxc4 3. e3 c5 4. Nf3 b5 5. a4 cxd4 6. Qxd4 Qxd4 7. Nxd4 b4 8.
Nd2 c3 9. bxc3 bxc3 10. Ne4 Bb7 11. Nc5 Bd5 12. Nb5 e6 13. Ba3 Bxc5 14. Bxc5
Nd7 15. Bd4 Kf8 16. Nc7 Rc8 17. Nxd5 exd5 18. Rc1 Ngf6 19. Bxc3 Kg8 20. Ba6 Rc6
21. Bb5 Rc8 22. O-O Rd8 23. Ba5 Nb6 24. Rc7 Rb8 25. Rxa7 Nc8 26. Ra6 Kf8 27.
Rc1 h5 28. Bc7 Rb7 29. Ra8 Ke7 30. Ba5 Ra7 31. Bb4+ Ke6 32. Raxc8 Rxc8 33. Rxc8
Ke5 34. Bf8 g5 35. Bc5 Rb7 36. Bd4+ Kf5 37. Bd3+ Ne4 38. Rc6 g4 39. Rd6 Re7 40.
f4 gxf3 41. gxf3 Re5 42. fxe4+ dxe4 43. Bb5 Re7 44. Rf6+ Kg5 45. h4+ Kxh4 46.
Rf4+ Kg5 47. Bf6+ Kh6 48. Bxe7 Kg6 49. a5 Kg7 {Hossa resigns} 1-0

[Event "ICS rated standard match"]
[Site "204.178.125.65"]
[Date "2001.10.03"]
[Round "?"]
[White "Hossa"]
[Black "Sjeng"]
[Result "0-1"]
[WhiteElo "2289"]
[BlackElo "2388"]
[PlyCount "105"]
[EventDate "2001.??.??"]

1. d4 d5 2. c4 c6 3. Nf3 Nf6 4. Nc3 e6 5. e3 Nbd7 6. Bd3 dxc4 7. Bxc4 b5 8. Bd3
a6 9. O-O Bb7 10. e4 c5 11. d5 Qc7 12. dxe6 fxe6 13. Ng5 Qc6 14. Re1 Be7 15.
Bf4 O-O 16. Qe2 c4 17. Bc2 b4 18. Ba4 Qc8 19. Nxe6 bxc3 20. Bxd7 Nxd7 21. Nxf8
cxb2 22. Qxb2 Bxf8 23. Qd4 Qc6 24. Rad1 Nf6 25. Rb1 Re8 26. Be5 Nd7 27. Rxb7
Qxb7 28. Qxc4+ Kh8 29. Ba1 Qb4 30. Qe2 Nc5 31. e5 Rd8 32. g3 Rd2 33. Qf3 Ne6
34. Bc3 Qa3 35. Rb1 Rxa2 36. Rb8 Rc2 37. Rc8 a5 38. Kg2 Kg8 39. h3 Qb3 40. h4
a4 41. h5 h6 42. Kh2 a3 43. Qf5 Qa2 44. Kg2 Qd5+ 45. Kh3 Rc1 46. f3 a2 47. Kg4
Rxc3 48. Rxc3 a1=Q 49. Rd3 Qc4+ 50. Qe4 Qxe4+ 51. fxe4 Qh1 52. Rd2 g6 53. hxg6
{Hossa resigns} 0-1

[Event "ICS rated blitz match"]
[Site "204.178.125.65"]
[Date "2001.10.03"]
[Round "?"]
[White "megagm"]
[Black "Hossa"]
[Result "0-1"]
[WhiteElo "2034"]
[BlackElo "2543"]
[PlyCount "34"]
[EventDate "2001.??.??"]

1. d3 d5 2. e3 e5 3. g3 Nf6 4. Bg2 Be7 5. Ne2 O-O 6. O-O c6 7. Nd2 Na6 8. e4
dxe4 9. Nxe4 Nxe4 10. dxe4 Qxd1 11. Rxd1 Nb4 12. c3 Nc2 13. Rb1 Be6 14. b3 Rfd8
15. Bd2 Ba3 16. h3 Rd6 17. c4 Rad8 {megagm resigns} 0-1

[Event "ICS rated blitz match"]
[Site "204.178.125.65"]
[Date "2001.10.03"]
[Round "?"]
[White "Hossa"]
[Black "Hadoken"]
[Result "0-1"]
[WhiteElo "2545"]
[BlackElo "2850"]
[PlyCount "91"]
[EventDate "2001.??.??"]

1. d4 d5 2. c4 dxc4 3. e4 e5 4. Nf3 exd4 5. Bxc4 Nc6 6. O-O Be6 7. Bb5 Bc5 8.
Qc2 Bb6 9. a4 a5 10. Bxc6+ bxc6 11. Qxc6+ Bd7 12. Qc2 Ne7 13. Na3 O-O 14. Nc4
c5 15. Bf4 Be6 16. Rac1 Ng6 17. Bg3 Bxc4 18. Qxc4 Re8 19. Nd2 h5 20. Qd5 Qxd5
21. exd5 Rad8 22. Nc4 Ba7 23. Bd6 Rd7 24. f4 Nh4 25. Rfe1 Rxe1+ 26. Rxe1 Nf5
27. Re8+ Kh7 28. Bf8 Rxd5 29. Ra8 Ne3 30. Nxa5 d3 31. Nb3 c4 32. Nd2 Bd4 33.
Nf3 Bxb2 34. Bb4 c3 35. Bxc3 Bxc3 36. Rc8 d2 37. Nxd2 Bxd2 38. Rc7 f5 39. g3
Ra5 40. Rd7 Bb4 41. h3 Rxa4 42. Kf2 Bc5 43. Ke2 Ra2+ 44. Kd3 Ra3+ 45. Ke2 h4
46. Rc7 {Hossa resigns} 0-1

[Event "ICS rated blitz match"]
[Site "204.178.125.65"]
[Date "2001.10.03"]
[Round "?"]
[White "Yace"]
[Black "Hossa"]
[Result "1-0"]
[WhiteElo "2887"]
[BlackElo "2540"]
[PlyCount "109"]
[EventDate "2001.??.??"]

1. d4 Nf6 2. c4 e6 3. Nf3 c5 4. d5 exd5 5. cxd5 g6 6. Nc3 Bg7 7. e4 O-O 8. Be2
Re8 9. Nd2 d6 10. O-O b6 11. f3 a6 12. a4 Nh5 13. Nc4 Ra7 14. Be3 f5 15. Rc1
Rf7 16. Qc2 Bd4 17. Qd2 Bxe3+ 18. Qxe3 f4 19. Qf2 Ng7 20. b3 Kh8 21. Rc2 Rb7
22. Rfc1 Ree7 23. Qh4 Nh5 24. g4 fxg3 25. hxg3 Red7 26. f4 b5 27. axb5 Qxh4 28.
gxh4 axb5 29. Na5 Ra7 30. Nc6 Rab7 31. Bxb5 Rg7 32. Na5 Rbf7 33. Nc4 Rxf4 34.
Nxd6 Bh3 35. Na4 Rg4+ 36. Kf2 Rxh4 37. Nxc5 h6 38. Rh1 Nf4 39. Ne6 Nxe6 40.
dxe6 g5 41. Nf5 Rf4+ 42. Ke3 Bxf5 43. exf5 Rb7 44. Rxh6+ Kg7 45. Rg6+ Kh7 46.
Rxg5 Rh4 47. f6 Kh6 48. Rcg2 Nc6 49. Rg6+ Kh7 50. Bd3 Re4+ 51. Bxe4 Rxb3+ 52.
Kf4 Rf3+ 53. Bxf3 Ne7 54. Rg7+ Kh8 55. Rh2# {Hossa checkmated} 1-0

[Event "ICS rated blitz match"]
[Site "204.178.125.65"]
[Date "2001.10.03"]
[Round "?"]
[White "Hossa"]
[Black "Yace"]
[Result "0-1"]
[WhiteElo "2536"]
[BlackElo "2891"]
[PlyCount "91"]
[EventDate "2001.??.??"]

1. d4 Nf6 2. c4 e6 3. Nf3 b6 4. g3 Ba6 5. Nbd2 Bb7 6. Bg2 c5 7. dxc5 bxc5 8.
O-O Be7 9. Nb1 O-O 10. Nc3 Ne4 11. Nxe4 Bxe4 12. Bf4 d5 13. cxd5 exd5 14. Qd2
Nc6 15. Rac1 d4 16. b3 a5 17. Rc4 a4 18. Rxa4 Rxa4 19. bxa4 Qd5 20. Ne1 Bxg2
21. Nxg2 Ra8 22. Ra1 Rxa4 23. Qc2 Ra3 24. Bd2 Bd6 25. Qb2 c4 26. Qb7 Bf8 27.
Nf4 Qc5 28. Qc8 Nb4 29. Qxc5 Bxc5 30. Bxb4 Bxb4 31. Nd5 Bc5 32. Rb1 g6 33. Ra1
c3 34. Nf6+ Kg7 35. Nd7 Bd6 36. Nb6 c2 37. Nc4 Rc3 38. Nxd6 d3 39. exd3 Rxd3
40. Kg2 Rd1 41. Rxd1 cxd1=Q 42. Ne4 Qc2 43. Ng5 Qc6+ 44. Nf3 g5 45. g4 h5 46.
Kg3 {Hossa resigns} 0-1

[Event "ICS rated standard match"]
[Site "204.178.125.65"]
[Date "2001.10.03"]
[Round "?"]
[White "diep"]
[Black "Hossa"]
[Result "0-1"]
[WhiteElo "2414"]
[BlackElo "2277"]
[PlyCount "240"]
[EventDate "2001.??.??"]

1. d4 Nf6 2. Nf3 e6 3. c4 d5 4. Nc3 Be7 5. Bg5 Nbd7 6. cxd5 exd5 7. e3 O-O 8.
Bd3 c6 9. Qc2 Re8 10. O-O Nf8 11. Rae1 Be6 12. a3 N6d7 13. Bxe7 Qxe7 14. Qb3
Bg4 15. Qxb7 Bxf3 16. gxf3 Qg5+ 17. Kh1 Qf6 18. f4 Reb8 19. Qa6 Rb6 20. Qa5
Rxb2 21. Rb1 Rxb1 22. Nxb1 Nb6 23. Nd2 Qe6 24. Rc1 Nfd7 25. Qc3 Qh3 26. Rg1 Rc8
27. a4 Nxa4 28. Qa3 Nab6 29. Qxa7 Ra8 30. Qc7 Qe6 31. Nf3 Rc8 32. Bxh7+ Kh8 33.
Qb7 Rb8 34. Qa6 g6 35. Ng5 Qf5 36. Qa3 Nc8 37. Qa5 Ne7 38. Qc7 f6 39. Qd6 Re8
40. Ne6 Nb8 41. Bxg6 Nxg6 42. Nc5 Nf8 43. Rg3 Ne6 44. Nb3 Qb1+ 45. Kg2 Qh7 46.
Qa3 Qe4+ 47. Kg1 Rg8 48. Qd6 Rxg3+ 49. hxg3 Na6 50. Qxc6 Nac7 51. Nc5 Qc2 52.
Kg2 Kg8 53. Qd6 Qf5 54. Qd7 Qh7 55. Qc8+ Nf8 56. Qd8 Qf7 57. f5 Kg7 58. Qd6 Ne8
59. Qc6 Kh6 60. e4 dxe4 61. Qxe4 Kh7 62. Ne6 Nd6 63. Qh4+ Kg8 64. Qg4+ Kh8 65.
Kg1 Nd7 66. Qf4 Qe7 67. Kg2 Nf8 68. d5 Nd7 69. f3 Ne5 70. g4 Ndf7 71. Qc1 Kh7
72. Qb2 Qd6 73. Qb3 Qa6 74. Qe3 Qa2+ 75. Qf2 Qxd5 76. Kg3 Kg8 77. Qe3 Qd1 78.
Qe4 Qg1+ 79. Kf4 Kh7 80. Qe2 Nd6 81. Nf8+ Kg7 82. Ng6 Nxg6+ 83. fxg6 Kxg6 84.
Qc2+ Kh6 85. Qc6 Qd4+ 86. Kg3 Kg6 87. Qc2+ Kf7 88. Kg2 Qe3 89. Qh7+ Ke6 90. Qc2
Qd4 91. Qh7 Qd2+ 92. Kf1 Qc1+ 93. Kf2 Kd5 94. Qd3+ Ke5 95. Qe2+ Kf4 96. Kg2 Qe3
97. Qxe3+ Kxe3 98. Kg3 Ne8 99. f4 Ke4 100. f5 Nd6 101. Kg2 Kf4 102. Kh3 Ne4
103. Kh4 Nf2 104. Kh5 Nxg4 105. Kg6 Ke4 106. Kh5 Ne5 107. Kh6 Kxf5 108. Kg7 Kg5
109. Kf8 Ng6+ 110. Kg7 f5 111. Kf7 f4 112. Ke6 f3 113. Kd7 f2 114. Kd6 f1=Q
115. Kc6 Qf5 116. Kb7 Qb5+ 117. Ka7 Nh4 118. Ka8 Nf5 119. Ka7 Nd6 120. Ka8 Qb7#
{diep checkmated} 0-1

[Event "ICS Rated blitz match"]
[Site "204.178.125.65"]
[Date "2001.10.03"]
[Round "?"]
[White "Cupido"]
[Black "Hossa"]
[Result "0-1"]
[WhiteElo "2146"]
[BlackElo "2532"]
[PlyCount "21"]
[EventDate "2001.??.??"]

1. e4 e6 2. d4 d5 3. Nd2 c5 4. Ngf3 cxd4 5. Nxd4 e5 6. N4f3 dxe4 7. Nxe4 Qxd1+
8. Kxd1 Nc6 9. Bb5 Bg4 10. Ke2 f5 11. Bxc6+ {Cupido resigns} 0-1

[Event "ICS rated blitz match"]
[Site "204.178.125.65"]
[Date "2001.10.03"]
[Round "?"]
[White "Hossa"]
[Black "Yace"]
[Result "0-1"]
[WhiteElo "2535"]
[BlackElo "2868"]
[PlyCount "115"]
[EventDate "2001.??.??"]

1. d4 d5 2. c4 c6 3. Nf3 Nf6 4. Nc3 e6 5. e3 Nbd7 6. Be2 Bd6 7. O-O O-O 8. Qc2
dxc4 9. Bxc4 b5 10. Bd3 Bb7 11. Ng5 h6 12. Nge4 Nxe4 13. Nxe4 Be7 14. Bd2 e5
15. Rfe1 Qb6 16. Qc3 c5 17. dxe5 b4 18. Qc2 Nxe5 19. Ng3 Nxd3 20. Qxd3 Rad8 21.
Qc2 Ba6 22. Nf5 Bg5 23. Ng3 Bd3 24. Qc1 Rfe8 25. a3 Bf6 26. Nh5 Be5 27. axb4
cxb4 28. Ra2 Rc8 29. Qd1 Rc2 30. Ra4 Bg6 31. Bxb4 Rxb2 32. Qd7 Rb8 33. Ba5 Qc5
34. Ng3 Qc2 35. Nh1 Bf5 36. Qd1 Qxd1 37. Rxd1 Bc2 38. Raa1 R2b5 39. Bc7 Bxa1
40. Bxb8 Bxd1 41. Bxa7 Rb1 42. h4 Bf3+ 43. Kh2 Be5+ 44. Ng3 Rb2 45. e4 Bxe4 46.
Be3 Bb7 47. h5 Rb4 48. Kg1 Rb3 49. Nf1 Rb1 50. f4 Bc3 51. Kf2 Rb2+ 52. Kg3 Be1+
53. Kg4 Rxg2+ 54. Kh3 Bf3 55. Bb6 Rg4 56. Bd8 f6 57. Ng3 Bxg3 58. Bxf6 {
Hossa resigns} 0-1

[Event "ICS rated blitz match"]
[Site "204.178.125.65"]
[Date "2001.10.03"]
[Round "?"]
[White "Yace"]
[Black "Hossa"]
[Result "1-0"]
[WhiteElo "2872"]
[BlackElo "2531"]
[PlyCount "93"]
[EventDate "2001.??.??"]

1. d4 Nf6 2. c4 g6 3. Nc3 d5 4. cxd5 Nxd5 5. e4 Nxc3 6. bxc3 Bg7 7. Bc4 O-O 8.
Ne2 c5 9. O-O Nc6 10. Be3 Bg4 11. f3 Na5 12. Bd3 cxd4 13. cxd4 Be6 14. Rc1 Bxa2
15. Qa4 Bb3 16. Qb4 b6 17. Bg5 f6 18. Bh4 Rf7 19. Rc3 Bf8 20. Rxb3 g5 21. Bg3
e6 22. Qb5 Nxb3 23. Qxb3 Re7 24. Bc4 Qc8 25. Rc1 Qe8 26. d5 Rd7 27. Bb5 Bc5+
28. Bf2 e5 29. Bxc5 bxc5 30. Bxd7 Qxd7 31. Rxc5 Kg7 32. Ng3 Kg6 33. Rc6 h5 34.
Nxh5 Kxh5 35. Rxf6 g4 36. Qe3 Rh8 37. h4 Qg7 38. Rf5+ Kxh4 39. g3+ Kh3 40. Qf2
gxf3 41. Qf1+ Kxg3 42. Qxf3+ Kh4+ 43. Kh2 Qg1+ 44. Kxg1 Rg8+ 45. Kh2 Rg2+ 46.
Qxg2 a5 47. Qg3# {Hossa checkmated} 1-0

[Event "ICS rated blitz match"]
[Site "204.178.125.65"]
[Date "2001.10.03"]
[Round "?"]
[White "Hossa"]
[Black "Hadoken"]
[Result "0-1"]
[WhiteElo "2532"]
[BlackElo "2842"]
[PlyCount "99"]
[EventDate "2001.??.??"]

1. d4 Nf6 2. c4 e6 3. Nf3 d5 4. Nc3 Nbd7 5. Bg5 c6 6. e3 Qa5 7. Nd2 dxc4 8.
Bxf6 Nxf6 9. Nxc4 Qc7 10. Bd3 Be7 11. O-O O-O 12. Ne4 Nxe4 13. Bxe4 c5 14. dxc5
f5 15. Bd3 Bxc5 16. Qf3 Bd7 17. Qe2 Rfd8 18. e4 b5 19. Ne3 f4 20. Nc2 Qe5 21.
Rab1 b4 22. Bc4 Bc6 23. Rfe1 Rac8 24. a3 a5 25. axb4 axb4 26. Ba6 Rc7 27. Kh1
Rcd7 28. Qc4 b3 29. Nb4 Ba4 30. Ra1 Rd4 31. Nd3 Rxd3 32. Qxa4 Rd2 33. Qa5 Qd4
34. Re2 Rc2 35. Qc7 Bb4 36. Qb7 Qxb2 37. Rg1 Bf8 38. Rxc2 Qxc2 39. f3 Rd1 40.
Qc8 Qb1 41. Qxe6+ Kh8 42. Qb6 b2 43. g3 Rxg1+ 44. Qxg1 Qxg1+ 45. Kxg1 b1=Q+ 46.
Kf2 Bc5+ 47. Kg2 Qg1+ 48. Kh3 fxg3 49. hxg3 h5 50. g4 {Hossa resigns} 0-1